MLB Top MVP, Cy Young, and ROY 2021 - Statistics

General Stats
  • This quiz has been taken 64 times
  • The average score is 28 of 40
Answer Stats
# Player Team Pos. % Correct
1 Bryce Harper PHI RF
98%
1 Shohei Ohtani LAA DH
98%
4 Aaron Judge NYY RF
92%
3 Fernando Tatis Jr. SDP SS
92%
9 Freddie Freeman ATL 1B
92%
6 Paul Goldschmidt STL 1B
92%
2 Gerrit Cole NYY P
90%
2 Juan Soto WSN RF
90%
7 Salvador Pérez KCR C
90%
5 Trea Turner WSN/LAD SS
90%
2 Vladimir Guerrero Jr. TOR 1B
90%
7 Austin Riley ATL 3B
88%
6 José Ramírez CLE 3B
88%
8 Matt Olson OAK 1B
88%
1 Corbin Burnes MIL P
87%
9 Cedric Mullins BAL CF
85%
3 Max Scherzer WSN/LAD P
81%
2 Zack Wheeler PHI P
81%
3 Marcus Semien TOR 2B
79%
10 Brandon Lowe TBR 2B
77%
5 Carlos Correa HOU SS
77%
1 Randy Arozarena TBR LF
77%
4 Brandon Crawford SFG SS
75%
3 Wander Franco TBR SS
69%
5 Brandon Woodruff MIL P
67%
1 Robbie Ray TOR P
67%
1 Jonathan India CIN 2B
65%
10 Max Muncy LAD 1B
63%
4 Walker Buehler LAD P
60%
4 Adolis García TEX CF
52%
3 Lance Lynn CHW P
52%
2 Luis García Jr. HOU P
52%
5 Carlos Rodón CHW P
46%
8 Tyler O'Neill STL LF
44%
4 Nathan Eovaldi BOS P
37%
4 Patrick Wisdom CHC 3B
35%
5 Emmanuel Clase CLE P
33%
2 Trevor Rogers MIA P
29%
3 Dylan Carlson STL RF
25%
5 Ian Anderson ATL P
21%
No matching quizzes found
Score Distribution
Percent of People with Each Score
Percentile by Number Answered
Your Score History
You have not taken this quiz